[Event "Titled Tue 3rd Jun Early"]
[Site "chess.com INT"]
[Date "2025.06.03"]
[Round "2"]
[White "Jakubowski, Krzysztof"]
[Black "Marynychenko, Yehor"]
[Result "1-0"]
[WhiteTitle "GM"]
[BlackTitle "CM"]
[WhiteElo "2448"]
[BlackElo "2183"]
[WhiteFideId "1112848"]
[BlackFideId "34160558"]
[EventDate "2025.06.03"]

1. e4 c5 2. Nf3 Nc6 3. d4 cxd4 4. Nxd4 Nf6 5. Nc3 e6 6. Ndb5 Bb4 7. Bf4 Nxe4 8.
Qf3 d5 9. Nc7+ Kf8 10. Nxa8 e5 11. Bd2 Nd4 12. Qd1 Bxc3 13. Bxc3 Qf6 14. Bxd4
exd4 15. Qf3 Qg5 16. Bd3 Bg4 17. Bxe4 Bxf3 18. Bxf3 Ke7 19. O-O Rxa8 20. Rad1
Qf6 21. Rd2 d3 22. c3 Qf5 23. Rfd1 Kf8 24. Rxd3 Re8 25. R3d2 b6 26. h3 h6 27.
Rxd5 Qc2 28. R5d2 Qa4 29. b3 Qa5 30. Rd7 Qxc3 31. R1d3 Re1+ 32. Kh2 Qe5+ 33. g3
Qc5 34. Kg2 Re8 35. Rxa7 Qc2 36. Rdd7 Qf5 37. Bd5 1-0

[Event "Titled Tue 3rd Jun Early"]
[Site "chess.com INT"]
[Date "2025.06.03"]
[Round "2"]
[White "Murawski, Jan"]
[Black "Barseghyan, Armen Ar."]
[Result "0-1"]
[WhiteTitle "CM"]
[BlackTitle "IM"]
[WhiteElo "2191"]
[BlackElo "2348"]
[WhiteFideId "21009287"]
[BlackFideId "13306707"]
[EventDate "2025.06.03"]

1. c4 c5 2. Nf3 Nf6 3. d4 cxd4 4. Nxd4 Nc6 5. g3 g6 6. Bg2 Bg7 7. O-O O-O 8. Nc3
Qa5 9. Nb3 Qh5 10. e4 d6 11. Qxh5 Nxh5 12. Be3 Rb8 13. Rad1 Nf6 14. Nd4 Bd7 15.
Nxc6 bxc6 16. b3 Ng4 17. Bd4 Bxd4 18. Rxd4 c5 19. Rd2 Bc6 20. f3 Nf6 21. Nd5
Bxd5 22. exd5 Rfc8 23. Re1 Rc7 24. f4 a5 25. Rde2 Kf8 26. f5 Ng4 27. fxg6 hxg6
28. Bf3 Ne5 29. Kg2 a4 30. Re3 Rb4 31. Rc1 axb3 32. axb3 Ra7 33. h4 Ra3 34. Rcc3
Rb7 35. g4 Kg7 36. Kg3 Rba7 37. h5 g5 38. Re1 Ra2 39. Rec1 Rb2 40. R1c2 Raa2 41.
Rxb2 Rxb2 42. Be4 Re2 43. Bf3 Rd2 44. Be4 Rd4 45. Bf5 Rf4 46. Re3 Kh6 47. Rc3
Rf1 48. Re3 Rg1+ 49. Kh3 Rd1 50. Rc3 Re1 51. Kg3 Kg7 52. Kf2 Rd1 53. Kg3 Rh1 54.
Re3 Kf6 55. Rc3 e6 56. dxe6 fxe6 0-1

[Event "Titled Tue 3rd Jun Early"]
[Site "chess.com INT"]
[Date "2025.06.03"]
[Round "2"]
[White "Tursunalieva, Nurelina"]
[Black "Noy, Eyal"]
[Result "0-1"]
[WhiteTitle "WCM"]
[BlackTitle "FM"]
[WhiteElo "1810"]
[BlackElo "2346"]
[WhiteFideId "13817329"]
[BlackFideId "2821117"]
[EventDate "2025.06.03"]

1. e4 c5 2. d4 cxd4 3. c3 Nf6 4. e5 Nd5 5. cxd4 d6 6. Nf3 Nc6 7. Bc4 dxe5 8.
dxe5 Ndb4 9. a3 Qxd1+ 10. Kxd1 Na6 11. Bxa6 bxa6 12. Nc3 Bg4 13. Bf4 g5 14. Bxg5
Nxe5 15. Ke2 Nxf3 16. gxf3 Be6 17. Rhd1 Bg7 18. Rac1 h6 19. Bf4 O-O 20. Rg1 Kh7
21. b4 Bc4+ 22. Ke1 Rac8 23. Ne4 Bb2 24. Rc2 Bxa3 25. Bd2 Bd5 26. Rxc8 Rxc8 27.
Nc5 a5 28. Nd3 axb4 29. Ke2 Bc4 30. Bf4 Rd8 31. Be5 f6 32. Rd1 fxe5 33. Ke3 Bxd3
34. Rxd3 Rxd3+ 35. Kxd3 a5 36. Kc4 Bc1 37. Kb5 b3 38. Kxa5 b2 39. Ka6 b1=Q 40.
Ka7 Ba3 41. Ka8 Bd6 42. Ka7 Bc5+ 43. Ka8 Qb6 0-1

[Event "Titled Tue 3rd Jun Early"]
[Site "chess.com INT"]
[Date "2025.06.03"]
[Round "2"]
[White "Viana, Dirceu"]
[Black "Zlatin, Alexander"]
[Result "0-1"]
[WhiteTitle "FM"]
[BlackTitle "FM"]
[WhiteElo "2188"]
[BlackElo "2306"]
[WhiteFideId "2101360"]
[BlackFideId "2810549"]
[EventDate "2025.06.03"]

1. e4 c5 2. Nc3 e6 3. g3 d6 4. Bg2 Nc6 5. d3 Nf6 6. f4 Be7 7. h3 O-O 8. Nf3 d5
9. O-O dxe4 10. dxe4 Qc7 11. e5 Rd8 12. Qe1 Nd5 13. Nxd5 exd5 14. g4 c4 15. c3
Bc5+ 16. Kh1 d4 17. Ng5 d3 18. Bd2 b5 19. Qe4 Bb7 20. Qxh7+ Kf8 21. Qh8+ Ke7 22.
Qxg7 Rf8 23. e6 Nd8 24. Rae1 Bxg2+ 25. Kxg2 Qc6+ 26. Kh2 Rc8 27. exf7+ Kd7 28.
Nh7 Rxf7 29. Nf8+ Bxf8 30. Qd4+ Bd6 31. g5 Rc7 32. g6 Rf5 33. g7 Ne6 34. g8=Q
Nxd4 35. cxd4 Rc8 36. Qe6+ Kc7 37. Qxf5 Rg8 38. Qe4 Qd7 0-1

[Event "Titled Tue 3rd Jun Early"]
[Site "chess.com INT"]
[Date "2025.06.03"]
[Round "2"]
[White "Karimova, Guldona"]
[Black "Tahmasebi, Hamidreza"]
[Result "0-1"]
[WhiteTitle "WIM"]
[BlackTitle "FM"]
[WhiteElo "2265"]
[BlackElo "2298"]
[WhiteFideId "14210410"]
[BlackFideId "12537527"]
[EventDate "2025.06.03"]

1. e4 c6 2. d4 d5 3. Nd2 dxe4 4. Nxe4 Nf6 5. Nxf6+ exf6 6. Be3 Bd6 7. Bd3 O-O 8.
Ne2 Nd7 9. c4 c5 10. d5 Ne5 11. h3 Bd7 12. O-O Re8 13. Nc3 f5 14. Be2 Qf6 15.
Bf4 Nxc4 16. Bxc4 Bxf4 17. Qf3 Bd6 18. Rfe1 a6 19. a4 Qd4 20. Qd3 Qf4 21. g3 Qh6
22. Kg2 f4 23. g4 Be5 24. Re2 Qf6 25. Rae1 h5 26. f3 Bd4 27. Rxe8+ Rxe8 28.
Rxe8+ Bxe8 29. Ne4 Qh4 30. b3 hxg4 31. hxg4 Qe1 32. Qe2 Qg1+ 33. Kh3 Qh1+ 34.
Qh2 Qxf3+ 35. Kh4 Qxe4 36. Qe2 Qxe2 37. Bxe2 f6 38. Kh3 g5 39. Bc4 Bf7 40. d6
Be5 41. d7 Bc7 42. Bd3 Bxb3 43. Bf5 Bxa4 44. Be6+ Kf8 45. Bf5 Ke7 46. Be4 b6 47.
Bd5 Bxd7 48. Be4 b5 49. Bf3 c4 50. Be4 a5 51. Bd5 a4 52. Be4 a3 0-1

[Event "Titled Tue 3rd Jun Early"]
[Site "chess.com INT"]
[Date "2025.06.03"]
[Round "2"]
[White "King, Alexander"]
[Black "Hindermann, Felix"]
[Result "1-0"]
[WhiteTitle "FM"]
[BlackTitle "FM"]
[WhiteElo "2263"]
[BlackElo "2289"]
[WhiteFideId "2063620"]
[BlackFideId "1305212"]
[EventDate "2025.06.03"]

1. Nf3 b6 2. g3 Bb7 3. Bg2 e6 4. O-O f5 5. c4 Nf6 6. Nc3 g6 7. d3 Bg7 8. Re1 O-O
9. e4 Na6 10. e5 Ng4 11. d4 c5 12. d5 Nc7 13. Bf4 Nh6 14. Qd2 Nf7 15. Rad1 h6
16. h4 Kh7 17. a3 Rb8 18. b4 a6 19. bxc5 bxc5 20. Qe3 Ba8 21. Qxc5 g5 22. hxg5
hxg5 23. Nxg5+ Nxg5 24. Bxg5 Qxg5 25. Qxc7 Rb7 26. Qc5 Rb2 27. Ne2 Rf7 28. Nf4
Bf8 29. Qe3 Bh6 30. dxe6 Bxg2 31. exf7 Bc6 32. e6 Qg4 33. e7 Rb8 34. e8=Q Bxf4
35. Qxf4 Qh3 36. Qh4+ Qxh4 37. gxh4 Rb2 38. Qe3 Kg6 39. Qg5+ Kxf7 40. Re7+ Kf8
41. Qg7# 1-0

[Event "Titled Tue 3rd Jun Early"]
[Site "chess.com INT"]
[Date "2025.06.03"]
[Round "2"]
[White "Madi, Aidana"]
[Black "Andrejevs, Arvids"]
[Result "0-1"]
[WhiteTitle "WFM"]
[BlackTitle "CM"]
[WhiteElo "1855"]
[BlackElo "2165"]
[WhiteFideId "13722689"]
[BlackFideId "11602708"]
[EventDate "2025.06.03"]

1. e4 c5 2. d4 cxd4 3. c3 d5 4. exd5 Qxd5 5. cxd4 Nc6 6. Nf3 Bg4 7. Be2 e5 8.
dxe5 Qxd1+ 9. Bxd1 Bb4+ 10. Bd2 O-O-O 11. Bxb4 Nxb4 12. O-O Nd3 13. Ng5 Bxd1 14.
Rxd1 Nxe5 15. Rxd8+ Kxd8 16. Nc3 h6 17. Nge4 Ne7 18. Rd1+ Kc7 19. Nb5+ Kb6 20.
Nbd6 f5 21. Nc3 a6 22. f4 N5c6 23. Nc4+ Kc7 24. Nd5+ Nxd5 25. Rxd5 g6 26. Ne5
Nxe5 27. fxe5 Re8 28. Kf2 Re6 29. Kf3 Kc6 30. Ra5 g5 31. g4 fxg4+ 32. Kxg4 b6
33. Rxa6 Rxe5 34. b4 Re4+ 35. Kh5 Rh4+ 36. Kg6 Rxh2 37. a4 Kb7 38. b5 g4 39. a5
bxa5 40. Rxa5 Kb6 41. Ra4 h5 42. Rb4 g3 0-1

[Event "Titled Tue 3rd Jun Early"]
[Site "chess.com INT"]
[Date "2025.06.03"]
[Round "2"]
[White "Karpenko, Anton"]
[Black "Gabrielian, Artur"]
[Result "0-1"]
[WhiteTitle "CM"]
[BlackTitle "GM"]
[WhiteElo "2218"]
[BlackElo "2419"]
[WhiteFideId "34374353"]
[BlackFideId "4131002"]
[EventDate "2025.06.03"]

1. e4 c5 2. Nf3 d6 3. d4 cxd4 4. Nxd4 Nf6 5. Nc3 Nc6 6. Bg5 Bd7 7. Qd2 Rc8 8.
O-O-O Nxd4 9. Qxd4 Qa5 10. h4 h6 11. Bxf6 gxf6 12. Bc4 Qc5 13. Qxc5 Rxc5 14. Bb3
e6 15. g3 b5 16. a3 a5 17. Ne2 f5 18. exf5 Rxf5 19. Nd4 Rxf2 20. Rhe1 Rg8 21.
Rd3 Be7 22. c4 a4 23. Ba2 bxc4 24. Bxc4 d5 25. Bxd5 exd5 26. Rde3 Be6 27. Nxe6
fxe6 28. Rxe6 Rf7 29. Rxh6 Rxg3 30. Rh5 d4 31. Ra5 Rh3 32. Rxa4 Rxh4 33. Kd2 Kf8
34. Ra8+ Kg7 35. Kd3 Bf6 36. Rg1+ Kh7 37. Rf1 Rh3+ 38. Kc4 d3 39. Rd8 Rc7+ 0-1

[Event "Titled Tue 3rd Jun Early"]
[Site "chess.com INT"]
[Date "2025.06.03"]
[Round "2"]
[White "Perossa, Nicolas"]
[Black "Bryakin, Mikhail"]
[Result "0-1"]
[WhiteTitle "FM"]
[BlackTitle "GM"]
[WhiteElo "2262"]
[BlackElo "2444"]
[WhiteFideId "2850520"]
[BlackFideId "4165314"]
[EventDate "2025.06.03"]

1. e4 b6 2. Nc3 Bb7 3. d4 e6 4. Bd3 Ne7 5. Qe2 d6 6. f4 Nd7 7. Nf3 g6 8. h4 h5
9. f5 e5 10. dxe5 dxe5 11. fxg6 Nxg6 12. Ng5 Nf4 13. Bxf4 exf4 14. O-O-O Qe7 15.
e5 O-O-O 16. Bf5 Kb8 17. Nd5 Qxe5 18. Qxe5 Nxe5 19. Nxf4 Bc5 20. Kb1 Be3 21.
Rxd8+ Rxd8 22. Nxh5 Bxg2 23. Re1 Bf2 24. Rc1 Bxh4 25. Nxf7 Nxf7 26. Nf4 Bg5 27.
Nxg2 Bxc1 28. Kxc1 Ne5 29. Ne1 Rf8 30. Bd3 Rf2 31. Kd1 c5 32. Be2 c4 33. b3 c3
34. Nd3 Nxd3 35. Bxd3 Rd2+ 36. Kc1 Kc7 37. a3 a5 38. Kb1 Kd6 39. Bc4 Kc5 40. Bd3
Kd4 41. Bg6 Ke3 42. Ka2 b5 43. b4 a4 44. Kb1 Rd1+ 45. Ka2 Rc1 46. Bd3 Kd2 47.
Bxb5 Rxc2+ 48. Ka1 Rc1+ 49. Ka2 c2 50. Bxa4 Ra1+ 51. Kxa1 c1=Q+ 52. Ka2 Kc3 0-1

[Event "Titled Tue 3rd Jun Early"]
[Site "chess.com INT"]
[Date "2025.06.03"]
[Round "2"]
[White "Logachiov, Aleksandr"]
[Black "Moghaddamian, Afshin"]
[Result "1-0"]
[WhiteTitle "CM"]
[BlackTitle "CM"]
[WhiteElo "2129"]
[BlackElo "2126"]
[WhiteFideId "24123706"]
[BlackFideId "12503886"]
[EventDate "2025.06.03"]

1. d4 Nf6 2. Bg5 Ne4 3. Bf4 Nc6 4. f3 Nf6 5. d5 e5 6. Bg5 Ne7 7. e4 Ng6 8. Nc3
Bc5 9. Bc4 d6 10. Nge2 a6 11. Bd3 h6 12. Bd2 Nh5 13. g3 Bh3 14. Na4 Ba7 15. Nc1
Bg2 16. Ke2 Qf6 17. Rf1 Bxf1+ 18. Qxf1 c6 19. Qh3 Nhf4+ 20. gxf4 Nxf4+ 21. Bxf4
Qxf4 22. Qg2 Qe3+ 23. Kf1 cxd5 24. exd5 h5 25. Nb3 h4 26. Re1 Qf4 27. Re4 Qf6
28. Qh3 Rh5 29. Rg4 g6 30. Nc3 Kf8 31. Ne4 Qe7 32. Nbd2 f5 33. Rxg6 fxe4 34.
Nxe4 Rd8 35. Qg4 Qh7 36. Nf6 Qf7 37. Nxh5 1-0

[Event "Titled Tue 3rd Jun Early"]
[Site "chess.com INT"]
[Date "2025.06.03"]
[Round "2"]
[White "Terry, Renato"]
[Black "Dominguez Exposito, Ibon"]
[Result "1-0"]
[WhiteTitle "IM"]
[BlackTitle "CM"]
[WhiteElo "2508"]
[BlackElo "2201"]
[WhiteFideId "3803457"]
[BlackFideId "54589452"]
[EventDate "2025.06.03"]

1. e4 e6 2. d4 d5 3. exd5 exd5 4. Nf3 Nf6 5. Bd3 c5 6. dxc5 Bxc5 7. Qe2+ Be6 8.
Be3 Bxe3 9. Qxe3 O-O 10. O-O Re8 11. Qf4 Nc6 12. Nbd2 Rc8 13. a3 Na5 14. Nd4 Nc4
15. Bxc4 dxc4 16. c3 Bd5 17. Nf5 Qc7 18. Qg5 g6 19. Qxf6 gxf5 20. Rfe1 Qf4 21.
Nf1 Qg4 22. Ng3 f4 23. h3 Qg6 24. Qxf4 b5 25. Kh2 Bc6 26. f3 Rcd8 27. Nf5 Kf8
28. Rad1 Qf6 29. Rxe8+ Rxe8 30. Rd6 Qe5 31. Qxe5 Rxe5 32. Rd8+ Re8 33. Rd6 Rc8
34. Kg3 Be8 35. Kf4 Rb8 36. Ra6 Rb7 37. h4 Rd7 38. Nd6 Re7 39. g4 Kg7 40. Nf5+ 1-0

[Event "Titled Tue 3rd Jun Early"]
[Site "chess.com INT"]
[Date "2025.06.03"]
[Round "2"]
[White "Ishvi, Aggarwal"]
[Black "Shevchenko, Yaroslav"]
[Result "0-1"]
[WhiteTitle "WCM"]
[WhiteElo "1954"]
[BlackElo "2137"]
[WhiteFideId "25728890"]
[BlackFideId "34144684"]
[EventDate "2025.06.03"]

1. d4 e6 2. c4 d5 3. Nf3 c6 4. g3 Nf6 5. Bg2 Bb4+ 6. Bd2 Be7 7. O-O O-O 8. Nc3
Nbd7 9. Qc2 dxc4 10. a4 a5 11. e4 h6 12. Rfd1 Bb4 13. Bf4 Qe7 14. Bf1 Bxc3 15.
bxc3 b5 16. Rab1 Ba6 17. Ne5 Nxe5 18. dxe5 Nd7 19. Rd6 Rfc8 20. Rbd1 Nc5 21. Be3
Nxa4 22. Bxc4 bxc4 23. Qxa4 Bb5 24. Qa3 Kh7 25. Bc5 Qg5 26. f4 Qh5 27. Rd7 a4
28. Qc1 a3 29. Bxa3 c5 30. R7d6 Bc6 31. Re1 Qf3 32. Bxc5 Bxe4 33. Rxe4 Qxe4 34.
Qe3 Qb1+ 35. Kg2 Ra2+ 36. Kh3 Qf1+ 37. Kg4 Rxh2 38. Qe4+ g6 39. Rd7 Qh3+ 40. Kf3
Qg2+ 41. Kg4 Qxe4 42. Rxf7+ Kg8 43. Rf6 Qe2# 0-1

[Event "Titled Tue 3rd Jun Early"]
[Site "chess.com INT"]
[Date "2025.06.03"]
[Round "2"]
[White "Tilahun, Abel Mathewos"]
[Black "Silva, Pedro Gil Ferreira Da"]
[Result "1/2-1/2"]
[WhiteTitle "CM"]
[BlackTitle "FM"]
[WhiteElo "1944"]
[BlackElo "2262"]
[WhiteFideId "15702391"]
[BlackFideId "1946102"]
[EventDate "2025.06.03"]

1. d4 Nf6 2. c4 e6 3. Nf3 Bb4+ 4. Bd2 Qe7 5. g3 O-O 6. Bg2 Bxd2+ 7. Qxd2 d6 8.
O-O Re8 9. Nc3 e5 10. dxe5 dxe5 11. Rac1 c6 12. e3 Bg4 13. h3 Bxf3 14. Bxf3 Nbd7
15. Ne4 Nxe4 16. Bxe4 Nf6 17. Bg2 Rad8 18. Qc3 e4 19. Rfd1 Qe6 20. Rd4 Rxd4 21.
Qxd4 b6 22. Rd1 c5 23. Qd6 h6 24. Qxe6 Rxe6 25. Rd8+ Kh7 26. Kf1 Re7 27. Ke2 Ne8
28. h4 Nc7 29. Bh3 g6 30. Rd7 Rxd7 31. Bxd7 Kg7 32. f3 exf3+ 33. Kxf3 Kf6 34. e4
Ne6 35. Ke3 Ke5 36. g4 f6 37. Be8 g5 38. hxg5 hxg5 39. Bd7 Nd4 40. Bc8 Nc2+ 41.
Kd3 Ne1+ 42. Ke2 Ng2 43. Bb7 Nf4+ 44. Ke3 Ng2+ 45. Kf2 Nf4 46. Kf3 Ne6 47. Ke3
Nd4 48. b3 Nc2+ 49. Kd2 Nd4 50. Kd3 Nf3 51. Ke3 Nd4 52. Kd3 Nf3 53. Ke3 Nd4 54.
Kd3 1/2-1/2

[Event "Titled Tue 3rd Jun Early"]
[Site "chess.com INT"]
[Date "2025.06.03"]
[Round "2"]
[White "Rozman, Levy"]
[Black "Lyutsinger, Iren"]
[Result "1-0"]
[WhiteTitle "IM"]
[BlackTitle "FM"]
[WhiteElo "2324"]
[BlackElo "2266"]
[WhiteFideId "2039877"]
[BlackFideId "34425969"]
[EventDate "2025.06.03"]

1. d4 Nf6 2. Bg5 c5 3. Nc3 d5 4. e4 Nxe4 5. Nxe4 dxe4 6. dxc5 Qa5+ 7. Qd2 Qxc5
8. O-O-O Nc6 9. f3 Bf5 10. Be3 Qd6 11. Qc3 Qc7 12. fxe4 Bxe4 13. Nf3 Bxf3 14.
gxf3 e6 15. Bb5 a6 16. Ba4 b5 17. Bb3 Rc8 18. Kb1 a5 19. a4 b4 20. Qd3 Be7 21.
Bf4 e5 22. Qf5 O-O 23. Rd7 Qb6 24. Bxe5 Nxe5 25. Rxe7 Nc4 26. Rxf7 Nd2+ 27. Ka2
Nxb3 28. cxb3 Rxf7 29. Qxc8+ Rf8 30. Qc4+ Kh8 31. Re1 Qf6 32. Qc5 Qxf3 33. Qxa5
Qf2 34. Qxb4 Rg8 35. a5 Qxh2 36. a6 h5 37. Qa5 Kh7 38. a7 1-0

[Event "Titled Tue 3rd Jun Early"]
[Site "chess.com INT"]
[Date "2025.06.03"]
[Round "2"]
[White "Lortkipanidze, Nodar"]
[Black "Ugorek, Kacper"]
[Result "0-1"]
[WhiteTitle "IM"]
[BlackTitle "CM"]
[WhiteElo "2359"]
[BlackElo "2262"]
[WhiteFideId "13604058"]
[BlackFideId "21890676"]
[EventDate "2025.06.03"]

1. e4 Nf6 2. e5 Nd5 3. c4 Nb6 4. d4 d6 5. exd6 exd6 6. Nc3 Be7 7. Be3 O-O 8. Nf3
Re8 9. Be2 Bg4 10. b3 Nc6 11. O-O Bf6 12. Qd2 d5 13. c5 Nc8 14. Rab1 N8e7 15. h3
Bxf3 16. Bxf3 Nf5 17. Ne2 Nxe3 18. fxe3 Ne7 19. Nf4 c6 20. Qd3 Bg5 21. b4 a6 22.
a4 Qc7 23. Rf2 Ng6 24. g3 Nxf4 25. exf4 Bf6 26. Kg2 Re7 27. b5 axb5 28. axb5
Rae8 29. bxc6 bxc6 30. Rb6 Re3 31. Qd1 g6 32. Qa4 R8e6 33. Bg4 R6e4 34. Rxc6 Qe7
35. Rc8+ Kg7 36. Qa8 h5 37. Bf3 Rxf3 38. Kxf3 Rxd4 39. Re8 Qxc5 40. Kg2 Rd3 41.
Rg8+ Kh7 42. Qe8 Qa7 43. f5 Rxg3+ 44. Kxg3 Bh4+ 45. Kxh4 Qxf2+ 46. Kg5 Qxf5+ 47.
Kh4 Qf4# 0-1

[Event "Titled Tue 3rd Jun Early"]
[Site "chess.com INT"]
[Date "2025.06.03"]
[Round "2"]
[White "Vafin, Ayrat"]
[Black "Dimakiling, Oliver"]
[Result "0-1"]
[WhiteTitle "FM"]
[BlackTitle "IM"]
[WhiteElo "2302"]
[BlackElo "2402"]
[WhiteFideId "4146530"]
[BlackFideId "5202248"]
[EventDate "2025.06.03"]

1. Nf3 Nf6 2. g3 d6 3. Bg2 c6 4. d4 Bf5 5. c4 h6 6. Nc3 Nbd7 7. O-O e5 8. dxe5
dxe5 9. h3 Be7 10. Be3 O-O 11. Nd2 Nc5 12. b4 Ne6 13. a3 a5 14. b5 Nd4 15. bxc6
bxc6 16. Nde4 Rb8 17. Nxf6+ Bxf6 18. Ne4 Be7 19. Qa4 Nxe2+ 20. Kh2 Qc7 21. Qc2
Nd4 22. Bxd4 exd4 23. Nf6+ Bxf6 24. Qxf5 Rb3 25. Be4 Re8 26. Qh7+ Kf8 27. Rae1
Re5 28. f4 Re6 29. Bf5 Rxe1 30. Rxe1 Re3 31. Rb1 Ke7 32. Qg8 Kd6 33. c5+ Kxc5
34. Qa8 Rc3 35. Rb7 Qd8 36. Qa7+ Kc4 37. Qa6+ Kd5 38. Rd7+ Qxd7 39. Bxd7 d3 40.
Qxa5+ Kd4 41. Qb4+ Ke3 42. Bg4 c5 43. Qb6 Bd4 44. a4 g6 45. Bd1 Kd2 46. Bf3 Rc2
47. h4 Ke1+ 48. Kh3 Kf2 49. Bg2 d2 50. Qc6 d1=Q 51. Qe4 Qe2 0-1

[Event "Titled Tue 3rd Jun Early"]
[Site "chess.com INT"]
[Date "2025.06.03"]
[Round "2"]
[White "El Zein, Zayne-Eddine"]
[Black "Kvaloy, Aksel Bu"]
[Result "1-0"]
[WhiteTitle "CM"]
[BlackTitle "IM"]
[WhiteElo "2146"]
[BlackElo "2479"]
[WhiteFideId "5313210"]
[BlackFideId "1528815"]
[EventDate "2025.06.03"]

1. e4 e5 2. Nf3 Nf6 3. d3 Nc6 4. g3 d5 5. exd5 Nxd5 6. Bg2 Be7 7. O-O O-O 8. Nc3
Be6 9. Re1 Nxc3 10. bxc3 Bf6 11. Nd2 Bd5 12. Ne4 Be7 13. c4 Be6 14. Nc3 Qd7 15.
Rb1 b6 16. Nd5 Bc5 17. Bb2 f6 18. Qf3 Rad8 19. Nxb6 axb6 20. Qxc6 Qxc6 21. Bxc6
Kf7 22. Bc3 Bd7 23. Bd5+ Be6 24. Bxe6+ Kxe6 25. Bb4 Bxb4 26. Rxb4 Ra8 27. a4 Kd6
28. c3 Ra5 29. d4 Rfa8 30. Ra1 Kc6 31. Kf1 Rd8 32. Rd1 Rda8 33. Ra1 R8a6 34. Ke2
Kd6 35. Kd3 c5 36. Rb5 Kc6 37. d5+ Kc7 38. Rxa5 Rxa5 39. f4 exf4 40. gxf4 g6 41.
Re1 Rxa4 42. Re7+ Kd6 43. Re6+ Kc7 44. Rc6+ Kb7 45. Rxf6 Ra2 46. Rf7+ Ka6 47.
Rxh7 Rf2 48. Ke4 Rc2 49. d6 Rc1 50. Kd5 Rxc3 51. Kc6 Rd3 52. Rh8 Ka5 53. d7 Rxd7
54. Kxd7 Kb4 55. Rb8 Kxc4 56. Rxb6 Kd5 57. Rxg6 Ke4 58. Rc6 Kxf4 59. Rxc5 Kg4
60. Rc4+ Kh3 61. Rc2 Kg4 62. Ke6 Kh3 63. Kf5 Kh4 64. Kf4 Kh3 65. Kf3 Kh4 66. Rc5
Kh3 67. Rh5# 1-0

[Event "Titled Tue 3rd Jun Early"]
[Site "chess.com INT"]
[Date "2025.06.03"]
[Round "2"]
[White "Bashirli, Saadat"]
[Black "Kononenko, Dmitry2"]
[Result "0-1"]
[WhiteTitle "WCM"]
[BlackTitle "FM"]
[WhiteElo "1941"]
[BlackElo "2205"]
[WhiteFideId "13429990"]
[BlackFideId "14113538"]
[EventDate "2025.06.03"]

1. e4 d5 2. exd5 Qxd5 3. Nc3 Qa5 4. d4 Nf6 5. Bd2 c6 6. Bc4 Bf5 7. Nf3 e6 8. Qe2
Be7 9. Ne5 Qd8 10. Be3 Nbd7 11. O-O-O Nd5 12. Nxd5 exd5 13. Bb3 O-O 14. g4 Be6
15. f4 f6 16. Nd3 Re8 17. Qf3 a5 18. c3 b5 19. f5 Bf7 20. h4 b4 21. cxb4 Bxb4
22. g5 Qe7 23. Bf4 Qe2 24. Qg3 a4 25. Rh2 axb3 26. Rxe2 Rxe2 27. Nxb4 bxa2 28.
Nxa2 Rxa2 29. Rd2 Ra1+ 30. Kc2 Ree1 31. Kb3 c5 32. gxf6 Nxf6 33. Be5 c4+ 34. Kb4
Nh5 35. Qg5 Ra8 36. Rg2 c3 37. Kxc3 Rc1+ 38. Kd2 Rac8 39. Bxg7 R1c2+ 40. Kd3
Rxg2 41. Qe7 Rxg7 42. Ke3 Re8 0-1

[Event "Titled Tue 3rd Jun Early"]
[Site "chess.com INT"]
[Date "2025.06.03"]
[Round "2"]
[White "Paichadze, Luka"]
[Black "Jaskolka, Tomasz"]
[Result "0-1"]
[WhiteTitle "GM"]
[BlackTitle "CM"]
[WhiteElo "2529"]
[BlackElo "2200"]
[WhiteFideId "13602934"]
[BlackFideId "1170791"]
[EventDate "2025.06.03"]

1. e4 d6 2. d4 Nf6 3. Nc3 Nbd7 4. Nf3 e5 5. g4 Nxg4 6. Rg1 Ngf6 7. Bc4 h6 8. Be3
c6 9. Qd3 b5 10. Bb3 a5 11. dxe5 dxe5 12. Bxf7+ Kxf7 13. Nxe5+ Nxe5 14. Qxd8
Nf3+ 15. Kd1 Nxg1 16. Qc7+ Be7 17. e5 Bg4+ 18. Kc1 Nd5 19. Nxd5 cxd5 20. f4 Ne2+
21. Kd2 d4 22. Bf2 Rhc8 23. Qb7 Rab8 24. Qd5+ Kf8 25. h3 Bh5 26. Qe4 Kg8 27. Qf5
Nxf4 28. Rg1 Rf8 29. Qe4 Bg6 30. Qc6 Rbc8 31. Qxb5 Rxc2+ 32. Kd1 d3 33. Qb3+ Kh8
34. Rxg6 Nxg6 35. Be1 Nxe5 36. Qe6 Bf6 37. Bxa5 Rfc8 38. Bc3 Bg5 39. Qxc8+ Kh7
40. Qf5+ g6 0-1

[Event "Titled Tue 3rd Jun Early"]
[Site "chess.com INT"]
[Date "2025.06.03"]
[Round "2"]
[White "Tekeyev, Zaur"]
[Black "Slovineanu, Viacheslav"]
[Result "1/2-1/2"]
[WhiteTitle "IM"]
[BlackTitle "IM"]
[WhiteElo "2417"]
[BlackElo "2412"]
[WhiteFideId "4199731"]
[BlackFideId "13900510"]
[EventDate "2025.06.03"]

1. e4 c6 2. d4 d5 3. exd5 cxd5 4. c3 Nf6 5. Bf4 Nc6 6. Bd3 Bg4 7. Qb3 Qd7 8. Nd2
e6 9. Ngf3 Bxf3 10. Nxf3 Bd6 11. Bxd6 Qxd6 12. O-O O-O 13. Rae1 Qc7 14. Qd1 Rab8
15. Re3 b5 16. a3 a5 17. b4 g6 18. Nd2 Ne7 19. Nb3 axb4 20. axb4 Nf5 21. Bxf5
exf5 22. f3 Rfe8 23. Rfe1 Rxe3 24. Rxe3 f4 25. Rd3 Re8 26. Nc5 Qe7 27. Kf1 Nh5
28. Rd2 Qh4 29. Re2 Ng3+ 30. hxg3 Qh1+ 31. Kf2 fxg3+ 32. Kxg3 Qxd1 33. Rxe8+ Kg7
34. Re3 h5 35. Kh2 g5 36. Re5 f6 37. Rxd5 Qe1 38. Ne4 Kg6 39. Rd6 Qh4+ 40. Kg1
Qe1+ 41. Kh2 Qh4+ 42. Kg1 Qe1+ 43. Kh2 1/2-1/2

[Event "Titled Tue 3rd Jun Early"]
[Site "chess.com INT"]
[Date "2025.06.03"]
[Round "2"]
[White "Kislinsky, Alexey"]
[Black "Rustemov, Alexander"]
[Result "1-0"]
[WhiteTitle "GM"]
[BlackTitle "GM"]
[WhiteElo "2350"]
[BlackElo "2525"]
[WhiteFideId "14108801"]
[BlackFideId "4119002"]
[EventDate "2025.06.03"]

1. d4 d5 2. c4 dxc4 3. e3 Nf6 4. Bxc4 e6 5. Nf3 c5 6. O-O a6 7. Qe2 Nc6 8. Rd1
b5 9. dxc5 Qc7 10. Bd3 Bxc5 11. a3 O-O 12. b4 Bd6 13. Bb2 Ne5 14. Nxe5 Bxe5 15.
Bxe5 Qxe5 16. Nd2 Bb7 17. Nb3 Be4 18. Nc5 Bxd3 19. Qxd3 h6 20. Qd6 Qxd6 21. Rxd6
a5 22. Rb1 axb4 23. axb4 Rfb8 24. Nd7 Nxd7 25. Rxd7 Ra2 26. g3 Rc8 27. Rb7 Rcc2
28. Rf1 Rab2 29. Rb8+ Kh7 30. Rxb5 g5 31. Rb7 Kg6 32. h3 h5 33. Kg2 g4 34. hxg4
hxg4 35. b5 f6 36. Rb8 Kf5 37. b6 e5 38. b7 Re2 39. Kg1 Red2 40. Kg2 Rdc2 41.
Rc8 Rd2 42. b8=Q Rxb8 43. Rxb8 Ke4 44. Rb4+ Kf5 45. Rc1 Rd6 46. Rcb1 Rc6 47. Rb6
Rc2 48. Ra6 Rc7 49. Rbb6 Rf7 50. e4+ Kg5 51. Rb8 Kg6 52. Rg8+ Kh5 53. Ra1 1-0